| 000 | 01206nam a22002297a 4500 | ||
|---|---|---|---|
| 999 |
_c62954 _d62954 |
||
| 003 | Ge_BSU | ||
| 005 | 20250616172744.0 | ||
| 008 | 250403s2024 ge ||||| |||| 00| 0 geo d | ||
| 020 | _a 9789941987588 | ||
| 041 | _ageo | ||
| 080 | _a351.765(075.8) + 502.172:592/599 ფ-66 | ||
| 100 |
_aფიფია, საბა _924734 |
||
| 245 |
_aცხოველთა სამართალი და უფლებები = Animal Law and Rights : _bსახელმძღვანელო / _cსაბა ფიფია. |
||
| 264 |
_aთბილისი : _bიურისტების სამყარო, _c2024. |
||
| 300 |
_a174 გვ. ; _b21 სმ. |
||
| 500 | _aსახელმძღვანელო მომზადდა შოთა რუსთაველის ეროვნული სამეცნიერო ფონდის მხარდაჭერით. | ||
| 504 | _aბიბლიოგრაფია ტექსტის შენიშვნებში | ||
| 653 | _aცხოველთა უფლებები | ||
| 653 | _aცხოველთა დაცვა | ||
| 653 | _aსამართალი | ||
| 942 |
_2udc _cBK |
||